00326nam a2200121Ia 4500008004100000082001900041100001300060245003200073260002700105300000800132630003200140730003200172100122s9999 xx 000 0 und d b34456a923.247 aULAM A B aSTAKIN- THE MAN AND HIS ERA bTHE VIKING PRESSc1905 a760 aSTAKIN- THE MAN AND HIS ERA aSTAKIN- THE MAN AND HIS ERA